El marco público de la economía de mercado (Registro nro. 53666)

Detalles MARC
000 -ENCABEZADO
Número de control [NR] 00816nam a2200253Ia 4500
005 - FECHA Y HORA DE LA ÚLTIMA TRANSACCIÓN
control field 20211111074841.0
008 - DE LONGITUD FIJA DE DATOS DE ELEMENTOS - INFORMACIÓN GENERAL
Elementos de longitud fija [NR] 130821s2003 sp gr spa
020 ## - NUMERO INTERNACIONAL NORMALIZADO PARA LIBROS [R]
Número Internacional Normalizado del libro [NR] 8497672879
040 ## - FUENTE DE CATALOGACION [NR]
Agencia de catalogación original [NR] Co-BoUCM
Idioma de catalogación [NR] spa
041 00 - CODIGO DE IDIOMA [R]
Código de idioma para texto/pista de sonido o título separado [R] Español
100 1# - ASIENTO PRINCIPAL--NOMBRE PERSONAL [NR]
Nombre personal [NR] Martín Mateo, Ramón
ID Autoridad 96423
245 13 - MENCION DE TITULO [NR]
Título [NR] El marco público de la economía de mercado
Mención de responsabilidad, etc. [NR] Ramón Martín Mateo
250 ## - MENCION DE EDICION [NR]
Mención de edición [NR] 2a. Ed.
260 ## - PUBLICACION, DISTRIBUCION, ETC. (PIE DE IMPRENTA) [R]
Lugar de publicación, distribución, etc. [R] Navarra (España)
Nombre del editor, distribuidor, etc. [R] Editorial Aranzadi
Fecha de publicación, distribución, etc. [R] 2003
300 ## - DESCRIPCION FISICA [R]
Extensión [R] 415 páginas
490 ## - MENCION DE SERIE [R]
Mención de serie [R] Divulgación Jurídica
504 ## - NOTA DE BIBLIOGRAFIA, ETC. [R]
Nota de bibliografía, etc. [NR]
650 04 - ASIENTO SECUNDARIO DE MATERIA - TERMINO TEMATICO [R]
Término temático o nombre geográfico como elemento de entrada [NR] Economía de mercado
9 (RLIN) 13678
650 04 - ASIENTO SECUNDARIO DE MATERIA - TERMINO TEMATICO [R]
Término temático o nombre geográfico como elemento de entrada [NR] Economía
Subdivisión geográfica [R] España
9 (RLIN) 174
650 04 - ASIENTO SECUNDARIO DE MATERIA - TERMINO TEMATICO [R]
Término temático o nombre geográfico como elemento de entrada [NR] Sistemas económicos
9 (RLIN) 24652
651 #7 - ASIENTO SECUNDARIO DE MATERIA - NOMBRE GEOGRAFICO [R]
Nombre geográfico [NR] España
Subdivisión general [R] Condiciones económicas
9 (RLIN) 64179
942 ## - ELEMENTOS DE ENTRADA AGREGADOS (KOHA)
Tipo de ítem principal el descrito en 300a Libro
Sistema de clasificación DEWEY
Tema principal Economía
Edición 2
Clasificación 330.942
Parte restante de la signatura top. M379m
Existencias
Fecha de último préstamo Total préstamos Signatura topográfica Código de barras Última vez visto Ejemplar Price effective from Tipo de ítem Perdido Sistema de clasificación Dañado No prestable Tipo de ítem específico Suprimido Ubicación habitual Ubicación actual Localización Fecha de creación Forma de adquisición Costo
12/10/2007   330.942 M379m 100087257 03/12/2025 Ej.1 03/02/2013 Libro   DEWEY     Libro   Claustro Claustro Mezanine 30/09/2007 Compra 137000.00